The Flags of the Capitals #1 - Statistics

General Stats
  • This quiz has been taken 40 times
  • The average score is 12 of 16
Answer Stats
Picture Answer % Correct
Berlin
93%
City of London
93%
Paris
90%
Seoul
87%
New Delhi
80%
Tokyo
80%
City of Madrid
77%
Rome
77%
Canberra
73%
Moscow
73%
Washington, D.C.
73%
Ottawa
63%
Brasília
60%
Tehran
53%
Mexico City
43%
Beijing
40%
No matching quizzes found
Score Distribution
Percent of People with Each Score
Percentile by Number Answered
Your Score History
You have not taken this quiz